Länder nach Duschgels #1 - Statistiken

Allgemein
  • Dieses Quiz wurde 45 mal gespielt
  • Das Durchschnittsergebnis liegt bei 7 aus 10
Antwortstatistiken
Bildquiz Antwort % Korrekt
Türkei
90%
Ägypten
87%
Israel
85%
Italien
85%
Österreich
79%
Slowenien
79%
Lettland
69%
Nigeria
62%
Bulgarien
51%
Usbekistan
49%
Keine übereinstimmenden Quizze gefunden
Verteilung der Resultate
Anzahl Personen mit jedem Resultat
Perzentil nach korrekt beantworteten Fragen
Ihre Resultats-Entwicklung
Sie haben dieses Quiz noch nicht gespielt